5 Letter Capital Fill In The Blank - Statistics

General Stats
  • This quiz has been taken 48 times
  • The average score is 15 of 21
Answer Stats
Hint 5 Letter Capital % Correct
Q---o Quito
92%
V---z Vaduz
87%
D---r Dakar
85%
R---t Rabat
85%
C---o Cairo
82%
P---s Paris
82%
D---a Dhaka
77%
H---i Hanoi
77%
M---k Minsk
74%
K---l Kabul
72%
A---n Amman
69%
S---l Seoul
69%
T---s Tunis
69%
S---a Sana'a
67%
T---o Tokyo
67%
A---a Accra
64%
Y---n Yaren
62%
P---a Praia
54%
A---a Abuja
46%
L---z La Paz
41%
S---a Sofia
33%
No matching quizzes found
Score Distribution
Percent of People with Each Score
Percentile by Number Answered
Your Score History
You have not taken this quiz